African Christian leadership : (Registro nro. 26566)

Detalles MARC
000 -LEADER
campo de control de longitud fija 03168cam a22005654i 4500
003 - IDENTIFICADOR DE NÚMERO DE CONTROL
campo de control PE-LiUPU
005 - FECHA Y HORA DE LA ÚLTIMA TRANSACCIÓN
campo de control 20250731173050.0
008 - DATOS DE LONGITUD FIJA--INFORMACIÓN GENERAL
campo de control de longitud fija 170331s2017 nyua rb 001 0 eng
020 ## - NÚMERO INTERNACIONAL ESTÁNDAR DEL LIBRO
Número Internacional Estándar del Libro 1626982422
020 ## - NÚMERO INTERNACIONAL ESTÁNDAR DEL LIBRO
Número Internacional Estándar del Libro 9781626982420
035 ## - NÚMERO DE CONTROL DEL SISTEMA
Número de control de sistema (Sirsi) i9781626982420
035 ## - NÚMERO DE CONTROL DEL SISTEMA
Número de control de sistema (OCoLC)987070509
040 ## - FUENTE DE CATALOGACIÓN
Centro catalogador/agencia de origen DLC
Lengua de catalogación spa
Normas de descripción rda
Centro/agencia transcriptor DLC
Centro/agencia modificador OCLCO
-- YDX
-- OCLCF
-- PTS
-- LNT
-- MNE
-- YDX
-- OCLCO
-- CNTCS
-- PE-LiUPU
049 ## - FONDOS LOCALES (OCLC)
Biblioteca depositaria PRUA
050 00 - SIGNATURA TOPOGRÁFICA DE LA BIBLIOTECA DEL CONGRESO
Número de clasificación BV652.1
Número de ítem .A37 2017
082 00 - NÚMERO DE LA CLASIFICACIÓN DECIMAL DEWEY
Número de clasificación 262.1096
Cutter A2
Número de edición 23
245 00 - MENCIÓN DEL TÍTULO
Título African Christian leadership :
Resto del título realities, opportunities, and impact /
Mención de responsabilidad, etc. editado por Robert J. Priest y Kirimi Barine.
264 #1 - PRODUCCIÓN, PUBLICACIÓN, DISTRIBUCIÓN, FABRICACIÓN Y COPYRIGHT
Producción, publicación, distribución, fabricación y copyright Maryknoll, New York :
Nombre del de productor, editor, distribuidor, fabricante Orbis Books,
Fecha de producción, publicación, distribución, fabricación o copyright [2017]
300 ## - DESCRIPCIÓN FÍSICA
Extensión xx, 297 páginas :
Otras características físicas Ilustraciones ;
Dimensiones 24 centímetros.
336 ## - TIPO DE CONTENIDO
Término de tipo de contenido text
Fuente rdacontent
337 ## - TIPO DE MEDIO
Nombre/término del tipo de medio unmediated
Fuente rdamedia
338 ## - TIPO DE SOPORTE
Nombre/término del tipo de soporte volume
Fuente rdacarrier
490 0# - MENCIÓN DE SERIE
Mención de serie American society of missiology series ;
Designación de volumen o secuencia no. 54
504 ## - NOTA DE BIBLIOGRAFÍA, ETC.
Nota de bibliografía, etc. Bibliografía al final de cada tema.
504 ## - NOTA DE BIBLIOGRAFÍA, ETC.
Nota de bibliografía, etc. Índice : páginas 283-296.
505 00 - NOTA DE CONTENIDO CON FORMATO
Título The Genesis and growth of the Africa Christian leadership study /
Mención de responsabilidad Robert J. Priest --
Título Characteristics of influential African Christian leaders /
Mención de responsabilidad David K. Ngaruiya --
Título Formation of African Christian leaders : patterns from the ALS data /
Mención de responsabilidad Wanjiru M. Gitau --
Título Connected -- the role of social capital for leaders with impact /
Mención de responsabilidad Steven D. H. Rasmussen --
Título Leadership responses during armed conflict /
Mención de responsabilidad Elisabet le Roux and Yolande Sandoua --
Título Word and deed -- patterns of influential African Christian organizations /
Mención de responsabilidad Nupanga Weanzana --
Título African Christian organizations and socioeconomic development /
Mención de responsabilidad Michael Bowen --
Título African women's leadership -- realities and opportunities /
Mención de responsabilidad Truphosa Kwaka-Sumba and Elisabet le Roux --
Título Empowering leadership -- a new dawn in African Christian leadership /
Mención de responsabilidad H. Jurgens Hendriks --
Título Reading and leading -- challenges for African Christian leaders /
Mención de responsabilidad Robert J. Priest, Kirimi Barine, and Alberto Lucamba Salombongo --
Título Developing transformational leaders -- curricula implications from the Africa leadership study /
Mención de responsabilidad John Jusu --
Título Engaging Africa -- the Tyndale House Foundation's story /
Mención de responsabilidad Mary Kleine Yehling.
526 ## - NOTA DE INFORMACIÓN SOBRE EL PROGRAMA DE ESTUDIO
Nombre del programa Segunda Especialidad En Profecías Bíblicas
526 ## - NOTA DE INFORMACIÓN SOBRE EL PROGRAMA DE ESTUDIO
Nombre del programa Segunda Especialidad En Nuevo Testamento
526 ## - NOTA DE INFORMACIÓN SOBRE EL PROGRAMA DE ESTUDIO
Nombre del programa Segunda Especialidad En Antiguo Testamento
526 ## - NOTA DE INFORMACIÓN SOBRE EL PROGRAMA DE ESTUDIO
Nombre del programa Segunda Especialidad En Estudios Adventistas
526 ## - NOTA DE INFORMACIÓN SOBRE EL PROGRAMA DE ESTUDIO
Nombre del programa Doctorado en teología
526 ## - NOTA DE INFORMACIÓN SOBRE EL PROGRAMA DE ESTUDIO
Nombre del programa Maestría en teología histórica
526 ## - NOTA DE INFORMACIÓN SOBRE EL PROGRAMA DE ESTUDIO
Nombre del programa Maestría en teología bíblica
526 ## - NOTA DE INFORMACIÓN SOBRE EL PROGRAMA DE ESTUDIO
Nombre del programa Maestría en teología
526 ## - NOTA DE INFORMACIÓN SOBRE EL PROGRAMA DE ESTUDIO
Nombre del programa Maestría en misionología
526 ## - NOTA DE INFORMACIÓN SOBRE EL PROGRAMA DE ESTUDIO
Nombre del programa Maestría en liderazgo eclesiástico
526 ## - NOTA DE INFORMACIÓN SOBRE EL PROGRAMA DE ESTUDIO
Nombre del programa Teología
596 ## -
-- 1
650 14 - PUNTO DE ACCESO ADICIONAL DE MATERIA--TÉRMINO DE MATERIA
Término de materia o nombre geográfico como elemento de entrada Liderazgo cristiano
Subdivisión geográfica África.
650 24 - PUNTO DE ACCESO ADICIONAL DE MATERIA--TÉRMINO DE MATERIA
Término de materia o nombre geográfico como elemento de entrada Liderazgo
Subdivisión general Aspectos religiosos
-- Cristianismo.
650 24 - PUNTO DE ACCESO ADICIONAL DE MATERIA--TÉRMINO DE MATERIA
Término de materia o nombre geográfico como elemento de entrada Cristianismo
Subdivisión geográfica África.
700 1# - ENTRADA AGREGADA--NOMBRE PERSONAL
Nombre de persona Barine, A. Kirimi,
Término indicativo de función/relación editor.
700 1# - ENTRADA AGREGADA--NOMBRE PERSONAL
Nombre de persona Priest, Robert J.,
Término indicativo de función/relación editor.
910 ## - DATOS DE OPCIÓN DEL USUARIO (OCLC)
Datos de opción del usuario dbm
-- ebj
-- ebj
-- 20180105
942 ## - ELEMENTOS DE ENTRADA SECUNDARIOS (KOHA)
Fuente del sistema de clasificación o colocación Clasificación Decimal Dewey
Tipo de ítem Koha
949 ## - PROCESAMIENTO DE INFORMACIÓN LOCAL (OCLC)
a 262.1096 A2
w DEWEY
c 1
i 77869
l CATALOGING
m BUL
p 34.00
r 0
s Y
t BOOK
u 2018-01-05
x POSGRADO
-- P85
0 DONACION
o .STAFF. Colección Teología.
994 ## -
-- C0
-- PEPRU
999 ## - NÚMEROS DE CONTROL DE SISTEMA (KOHA)
-- DEWEY
-- 77869
-- 2021-11-10
-- 4
-- CCODEBUL1
-- BUL
-- 34.00
-- 0
-- Y
-- BOOK
-- 2018-1-5
-- TEOLOGIA
-- P85
-- DONACION
-- .STAFF. Colección Teología.
980 ## - EQUIVALENCIA O REFERENCIA-CRUZADA-MENCIÓN DE SERIE--NOMBRE DE PERSONA/TÍTULO [LOCAL, CANADÁ]
ID del último usuario que modificó el registro 1
Nombre del último usuario que modificó el registro ALBERTO SANCHEZ Responsable de Automatización
Existencias
Visto por última vez Número de inventario Total de préstamos Signatura topográfica completa Código de barras Copia número Coste, precio de reemplazo Fecha de reemplazo Facultad Tipo de ítem Koha Nota pública Estado de pérdida Fuente del sistema de clasificación o colocación Restricciones de uso No para préstamo Colección Programa académico Biblioteca de origen Biblioteca actual Ubicación en estantería Fecha de adquisición Fuente de adquisición Coste, precio normal de compra
2025-12-02 5   262.1096 A2 77869 e1 39.00 2018-01-05   Libros físicos inventario-2023-12-13 No Perdido Clasificación Decimal Dewey No restringido Disponible para préstamos Colección General Maestría en teología Biblioteca CRAI UPeU Lima Biblioteca CRAI UPeU Lima Sala principal 2018-01-05 DONACION 34.00